Testigos de Franco: retablo íntimo de una dictadura
Saved in:
| 主要作者: | |
|---|---|
| 格式: | 圖書 |
| 語言: | 西班牙语 |
| 出版: |
Barcelona
Plaza & Janés
1978
|
| 主題: | |
| 標簽: |
添加標簽
沒有標簽, 成為第一個標記此記錄!
|
MARC
| LEADER | 00000nam a2200000 a 4500 | ||
|---|---|---|---|
| 001 | UCQ7224 | ||
| 003 | CL-VaPUC | ||
| 008 | 981031e19780000SP |||||||||||||||||spa|d | ||
| 082 | 0 | 4 | |a 946.081 |b MER |2 21 |
| 100 | |a Mérida, María |e autora |9 421098 | ||
| 245 | 1 | 0 | |a Testigos de Franco: retablo íntimo de una dictadura |
| 300 | |a 267 p | ||
| 942 | |c BK | ||
| 945 | |d 19981031 00:00:00 |a crobeson | ||
| 260 | |a Barcelona |b Plaza & Janés |c 1978 | ||
| 600 | 0 | 7 | |a FRANCO BAHAMONDES, FRANCISCO |2 CL-VaPUC |9 421099 |
| 650 | 0 | |a Historia de España |9 315435 | |
| 650 | 0 | |a Guerra civil española |9 331803 | |
| 583 | |a last modification |c 19981031 00:00:00 |k Rodrigo Vera | ||
| 999 | |c 276981 |d 276979 | ||
| 952 | |0 0 |1 0 |4 0 |6 946_081000000000000_MER_1978 |7 0 |8 A |9 314629 |a BIBEDU |b BIBEDU |d 2019-11-20 |i 1487795 |o 946.081 MER 1978 |p 1487795 |r 2019-11-20 |w 2019-11-20 |y BK |k LIT | ||